| 000 | 00727nam a2200253 u 4500 | ||
|---|---|---|---|
| 005 | 20240113063626.0 | ||
| 008 | 180529s2002 mx r 000 0 spa d | ||
| 020 | _a9686849475 (ADN) | ||
| 020 | _a9701886038 (SEP) | ||
| 035 | _aUPN01000225060 | ||
| 049 | _aCG | ||
| 050 | 4 |
_aRA644 A2.5 _bR5.6a |
|
| 100 | 1 |
_aRico Galindo, Blanca _932314 |
|
| 245 | 1 | 1 |
_a¿Qué onda con el sida? / _cBlanca Rico, Patricia Uribe. |
| 260 |
_aMéxico : _bADN : _bSEP, _c2002. |
||
| 300 |
_a139 p. : _bil. |
||
| 440 | 0 | _aLibros del rincón | |
| 650 | 4 |
_aSIDA _912139 |
|
| 650 | 4 |
_aVIH _912140 |
|
| 650 | 4 |
_aEducación sexual para la juventud _91513 |
|
| 700 | 1 |
_aUribe Zúñiga, Patricia, _ecoaut. |
|
| 905 | _aLibro | ||
| 999 |
_c197156 _d197156 |
||